The Business Environment : Challenges and Changes (Record no. 4065)

MARC details
005 - DATE AND TIME OF LATEST TRANSACTION
control field 20250614085759.0
020 ## - INTERNATIONAL STANDARD BOOK NUMBER
International Standard Book Number 0 273 64690 7
082 ## - DEWEY DECIMAL CLASSIFICATION NUMBER
Classification number LECT 658. 9 BRO
100 ## - MAIN ENTRY--PERSONAL NAME
Author name BROOKS, L.
245 ## - TITLE STATEMENT
Title The Business Environment : Challenges and Changes
250 ## - EDITION STATEMENT
Edition statement 2nd Ed.
260 ## - PUBLICATION, DISTRIBUTION, ETC.
Place of publication, distribution, etc. New York,
Name of publisher, distributor, etc. Pearson,Education Limited,
Date of publication, distribution, etc. 2000.
300 ## - PHYSICAL DESCRIPTION
Extent xii, 460p.: Ill.; figures & table.
Other physical details Index
Dimensions 23cm.
700 ## - ADDED ENTRY--PERSONAL NAME
Other authors/Editors WEATHERSTON, J.
942 ## - ADDED ENTRY ELEMENTS (KOHA)
Source of classification or shelving scheme Dewey Decimal Classification
Koha item type Books
Holdings
Date last seen Total checkouts Full call number Barcode Cost, replacement price Price effective from Koha item type Lost status Source of classification or shelving scheme Damaged status Not for loan Withdrawn status Home library Current library Shelving location Date acquired Cost, normal purchase price
06/14/2025   LECT 658. 9 BRO 00000013029 105000.00 06/14/2025 Books   Dewey Decimal Classification       College of Business Education Main Library College of Business Education Main Library General Collection 01/11/2006 35000.00